|
|
|
|
| LEADER |
00768nam a22002292a 4500 |
| 001 |
000170472 |
| 003 |
CZ BrMZK |
| 005 |
19970103143423.0 |
| 008 |
970103s1992 xr f cze d |
| 015 |
|
|
|a cnb000067386
|
| 035 |
|
|
|a (OCoLC)85681696
|
| 040 |
|
|
|a BOA001
|b cze
|
| 080 |
|
|
|a 621.317(075)
|2 MRF
|
| 100 |
1 |
|
|a Boháček, Jaroslav,
|d 1942-
|7 jk01012479
|
| 245 |
1 |
0 |
|a Teorie měření :
|b cvičení /
|c Jaroslav Boháček, Vladimír Haasz
|
| 250 |
|
|
|a 2. přeprac. vyd.
|
| 260 |
|
|
|a Praha :
|b České vysoké učení technické,
|c 1992
|
| 300 |
|
|
|a 184 s.
|
| 700 |
1 |
|
|a Haasz, Vladimír,
|d 1949-
|7 jn19981001374
|4 aut
|
| 910 |
|
|
|a BOA001
|b TK-A-0249.311
|
| 990 |
|
|
|a BK
|
| 996 |
7 |
|
|b 2629987966
|c TK-A-0249.311
|l MZK
|r Sklad / do 24 hodin
|n 7
|w 000170472
|u 000010
|a 1
|e BOA001
|j MZK50
|s A
|